[Event "Gelendzhik op 14th"]
[Site "Gelendzhik"]
[Date "2017.06.04"]
[Round "8"]
[White "Esipenko, Aleksandr"]
[Black "Abrosimov, Nikolay"]
[Result "0-1"]
[WhiteElo "1854"]
[BlackElo "1691"]
[PlyCount "114"]
[EventDate "2017.05.28"]
[EventType "swiss"]
[EventRounds "9"]
[EventCountry "RUS"]
[SourceTitle "EXT 2018"]
[Source "ChessBase"]
[SourceDate "2017.10.13"]
[SourceVersion "1"]
[SourceVersionDate "2017.10.13"]
[SourceQuality "1"]

1. e4 e5 2. Nf3 Nc6 3. Nc3 d6 4. d4 exd4 5. Nxd4 Bd7 6. Nb3 g6 7. Bd3 Bg7 8. 0-0 Nge7 9. Be3 0-0 10. Qd2 Ne5 11. h3 Nxd3 12. cxd3 f5 13. Bh6 Rf7 14. Bxg7 Kxg7 15. f4 c6 16. Rad1 Qc7 17. d4 fxe4 18. Nxe4 Nd5 19. Nc3 Be6 20. Nxd5 Bxd5 21. Nc1 Re8 22. b3 b5 23. Ne2 Rfe7 24. Nc3 Bf7 25. Rfe1 b4 26. Na4 a5 27. Nb2 Bd5 28. Nc4 Re4 29. Rxe4 Rxe4 30. Re1 Rxe1+ 31. Qxe1 Bxc4 32. bxc4 Qf7 33. Qf1 Qf5 34. g3 Qc2 35. Qe1 Kf7 36. c5 dxc5 37. Qe5 Qb1+ 38. Kf2 Qxa2+ 39. Ke3 cxd4+ 40. Qxd4 Qe6+ 41. Kf2 Qa2+ 42. Ke3 Qb3+ 43. Kf2 Qc2+ 44. Kf1 Qf5 45. g4 Qb5+ 46. Kf2 Qd5 47. Qa7+ Ke6 48. Qxh7 Qd2+ 49. Kf3 Qd3+ 50. Kf2 Kd6 51. Qa7 Qc2+ 52. Kg3 Qc3+ 53. Kg2 b3 54. Qb8+ Kc5 55. Qf8+ Kc4 56. Qf7+ Kb4 57. Qxg6 Qc2+ 0-1

[Event "Gelendzhik op 14th"]
[Site "Gelendzhik"]
[Date "2017.06.01"]
[Round "5"]
[White "Abrosimov, Nikolay"]
[Black "Kornijuk, Alexandr"]
[Result "1-0"]
[WhiteElo "1691"]
[BlackElo "1311"]
[PlyCount "63"]
[EventDate "2017.05.28"]
[EventType "swiss"]
[EventRounds "9"]
[EventCountry "RUS"]
[SourceTitle "EXT 2018"]
[Source "ChessBase"]
[SourceDate "2017.10.13"]
[SourceVersion "1"]
[SourceVersionDate "2017.10.13"]
[SourceQuality "1"]

1. c4 c6 2. d4 d5 3. e3 Nf6 4. Nc3 Bf5 5. Nf3 e6 6. a3 Bd6 7. c5 Bc7 8. b4 0-0 9. Bb2 Nbd7 10. Nh4 Bg6 11. Nxg6 hxg6 12. Be2 e5 13. 0-0 Re8 14. Qb3 exd4 15. exd4 b5 16. a4 a6 17. axb5 axb5 18. Rxa8 Qxa8 19. Ra1 Qb7 20. Bf3 Qa7 21. g3 Qb7 22. Qa3 Nb8 23. Bc1 Ne4 24. Nxe4 dxe4 25. Bg2 f5 26. Qb3+ Kh7 27. f3 exf3 28. Bxf3 Qc8 29. Bg5 Nd7 30. Rd1 Bd8 31. Bf4 Bf6 32. d5 1-0

[Event "Gelendzhik op"]
[Site "Gelendzhik"]
[Date "2015.01.12"]
[Round "9"]
[White "Pedashenko, Vladislav"]
[Black "Abrosimov, Nikolay"]
[Result "1-0"]
[WhiteElo "1739"]
[BlackElo "1840"]
[PlyCount "43"]
[EventDate "2015.01.04"]
[EventType "swiss"]
[EventRounds "9"]
[EventCountry "RUS"]
[SourceTitle "CBM 164 Extra"]
[Source "ChessBase"]
[SourceDate "2015.03.02"]
[SourceVersion "1"]
[SourceVersionDate "2015.03.02"]
[SourceQuality "1"]

1. e4 c5 2. Nf3 Nc6 3. d4 cxd4 4. Nxd4 Nf6 5. Nc3 g6 6. Be3 Bg7 7. f3 0-0 8. g4 d6 9. Qd2 Nd7 10. 0-0-0 Nde5 11. Be2 Re8 12. a4 Qa5 13. h4 Nxd4 14. Bxd4 g5 15. Kb1 h6 16. Rdg1 f6 17. Bxe5 dxe5 18. Qd5+ Qxd5 19. Nxd5 Rb8 20. Bb5 Rd8 21. Nxe7+ Kf7 22. Nd5 1-0

[Event "Gelendzhik op"]
[Site "Gelendzhik"]
[Date "2015.01.11"]
[Round "8"]
[White "Abrosimov, Nikolay"]
[Black "Rolgeizer, Martin"]
[Result "1-0"]
[WhiteElo "1840"]
[BlackElo "1647"]
[PlyCount "36"]
[EventDate "2015.01.04"]
[EventType "swiss"]
[EventRounds "9"]
[EventCountry "RUS"]
[SourceTitle "CBM 164 Extra"]
[Source "ChessBase"]
[SourceDate "2015.03.02"]
[SourceVersion "1"]
[SourceVersionDate "2015.03.02"]
[SourceQuality "1"]

1. c4 d6 2. Nc3 Nd7 3. d4 e5 4. Nf3 Be7 5. e4 Ngf6 6. Bd3 0-0 7. 0-0 a5 8. h3 Ne8 9. Be3 exd4 10. Nxd4 Bf6 11. Nd5 Nc5 12. Bc2 c6 13. Nxf6+ Nxf6 14. f3 Qe7 15. Bg5 h6 16. Bh4 Kh8 17. Re1 Qe5 18. b3 Nh5 1-0

[Event "Belorechensk Seniors op"]
[Site "Belorechensk"]
[Date "2013.02.19"]
[Round "7"]
[White "Baranov, Vyacheslav"]
[Black "Abrosimov, Nikolay"]
[Result "0-1"]
[WhiteElo "1508"]
[BlackElo "1940"]
[PlyCount "70"]
[EventDate "2013.02.13"]
[EventType "swiss"]
[EventRounds "9"]
[EventCountry "RUS"]
[SourceTitle "CBM 153 Extra"]
[Source "ChessBase"]
[SourceDate "2013.04.22"]
[SourceVersion "1"]
[SourceVersionDate "2013.04.22"]
[SourceQuality "1"]

1. e4 c5 2. Nc3 Nc6 3. g3 Nf6 4. Bg2 e6 5. d3 Be7 6. Bg5 h6 7. Bf4 e5 8. Be3 d6 9. Nd5 Nxd5 10. exd5 Nd4 11. Ne2 0-0 12. 0-0 Bg4 13. f3 Bd7 14. c3 Nf5 15. Bd2 Qb6 16. Qb3 Qa6 17. c4 b5 18. a3 Rab8 19. Qc3 Qb6 20. Kh1 Bd8 21. b4 Bf6 22. bxc5 Qxc5 23. Qb4 e4 24. Qxc5 dxc5 25. fxe4 Bxa1 26. Rxa1 Ne7 27. Bf4 Rb6 28. Bc7 Ra6 29. d6 Ng6 30. Nf4 Nxf4 31. gxf4 b4 32. e5 Rxa3 33. Rxa3 bxa3 34. Ba5 a2 35. Bc3 Rb8 0-1

[Event "Belorechensk Seniors op"]
[Site "Belorechensk"]
[Date "2013.02.16"]
[Round "4"]
[White "Papuev, Victor"]
[Black "Abrosimov, Nikolay"]
[Result "1/2-1/2"]
[WhiteElo "1766"]
[BlackElo "1940"]
[PlyCount "105"]
[EventDate "2013.02.13"]
[EventType "swiss"]
[EventRounds "9"]
[EventCountry "RUS"]
[SourceTitle "CBM 153 Extra"]
[Source "ChessBase"]
[SourceDate "2013.04.22"]
[SourceVersion "1"]
[SourceVersionDate "2013.04.22"]
[SourceQuality "1"]

1. d4 c5 2. c3 e6 3. Nf3 d5 4. g3 Nc6 5. Bg2 Qb6 6. 0-0 Nf6 7. e3 Be7 8. Nbd2 0-0 9. Nb3 c4 10. Nbd2 Qa6 11. Qc2 b5 12. e4 Bb7 13. exd5 exd5 14. Re1 Rfe8 15. Ne5 Bd6 16. Ndf3 b4 17. Bd2 Qb6 18. Nxc6 Bxc6 19. Ng5 h6 20. Nf3 a5 21. Nh4 Bd7 22. Nf5 Bf8 23. Ne3 Qb5 24. h3 Rab8 25. Kh2 Ne4 26. Bxe4 dxe4 27. cxb4 axb4 28. Qxc4 Qh5 29. h4 Bb5 30. Qd5 Qf3 31. Qf5 g6 32. Qxf3 exf3 33. Ng4 Re2 34. Rxe2 fxe2 35. Rc1 h5 36. Ne5 Ra8 37. a3 bxa3 38. bxa3 Bxa3 39. Rb1 Be8 40. f4 Bf8 41. Kg2 Ra2 42. Be1 f6 43. Nf3 Bc6 44. Kf2 Be4 45. Rc1 Ra3 46. Nd2 Bd3 47. Rc6 Kf7 48. Rb6 Be7 49. Rb3 Rxb3 50. Nxb3 Ba3 51. Ke3 Bc4 52. Nc5 Bxc5 53. dxc5 1/2-1/2

[Event "Belorechensk Seniors op"]
[Site "Belorechensk"]
[Date "2013.02.13"]
[Round "1"]
[White "Abrosimov, Nikolay"]
[Black "Pushkov, Nikolai"]
[Result "0-1"]
[WhiteElo "1940"]
[BlackElo "2352"]
[PlyCount "38"]
[EventDate "2013.02.13"]
[EventType "swiss"]
[EventRounds "9"]
[EventCountry "RUS"]
[SourceTitle "CBM 153 Extra"]
[Source "ChessBase"]
[SourceDate "2013.04.22"]
[SourceVersion "1"]
[SourceVersionDate "2013.04.22"]
[SourceQuality "1"]

1. c4 e6 2. Nc3 d5 3. cxd5 exd5 4. d4 c6 5. Nf3 Bd6 6. g3 Bf5 7. Bg2 Nd7 8. 0-0 Ngf6 9. e3 0-0 10. Nh4 Be6 11. Qd3 Re8 12. f4 Nb6 13. b3 c5 14. dxc5 Bxc5 15. Ne2 Bd7 16. Nd4 Nc8 17. Nhf3 Nd6 18. Bb2 Bb5 19. Nxb5 Rxe3 0-1

[Event "Belorechensk Sarkisov Memorial op"]
[Site "Belorechensk"]
[Date "2012.05.25"]
[Round "3"]
[White "Abrosimov, Nikolay"]
[Black "Vastrukhin, Oleg"]
[Result "0-1"]
[WhiteElo "1957"]
[BlackElo "2325"]
[PlyCount "54"]
[EventDate "2012.05.23"]
[EventType "swiss"]
[EventRounds "9"]
[EventCountry "RUS"]
[SourceTitle "CBM 148 Extra"]
[Source "ChessBase"]
[SourceDate "2012.06.22"]
[SourceVersion "1"]
[SourceVersionDate "2012.06.22"]
[SourceQuality "1"]

1. c4 Nf6 2. Nc3 g6 3. d4 d5 4. cxd5 Nxd5 5. e4 Nxc3 6. bxc3 Bg7 7. f4 0-0 8. Nf3 c5 9. Be3 Qa5 10. Qd2 Nc6 11. Rc1 cxd4 12. cxd4 Qxd2+ 13. Kxd2 Rd8 14. e5 f6 15. Bc4+ Kh8 16. Ke2 Bg4 17. Rhd1 Rac8 18. Bb5 Nb4 19. Rxc8 Rxc8 20. Rd2 Be6 21. a3 Nd5 22. Kf2 a6 23. Bd3 Rc3 24. a4 Ra3 25. Ne1 Rxa4 26. Be4 fxe5 27. fxe5 Nxe3 0-1

[Event "Belorechensk Sarkisov Memorial op"]
[Site "Belorechensk"]
[Date "2012.05.23"]
[Round "1"]
[White "Abrosimov, Nikolay"]
[Black "Gabrielian, Artur"]
[Result "0-1"]
[WhiteElo "1957"]
[BlackElo "2545"]
[PlyCount "28"]
[EventDate "2012.05.23"]
[EventType "swiss"]
[EventRounds "9"]
[EventCountry "RUS"]
[SourceTitle "CBM 148 Extra"]
[Source "ChessBase"]
[SourceDate "2012.06.22"]
[SourceVersion "1"]
[SourceVersionDate "2012.06.22"]
[SourceQuality "1"]

1. c4 Nf6 2. Nc3 e6 3. g3 d5 4. cxd5 exd5 5. d4 c5 6. e3 cxd4 7. exd4 Bb4 8. Bg2 Bxc3+ 9. bxc3 0-0 10. Ne2 Nc6 11. 0-0 Bg4 12. f3 Bf5 13. Nf4 Qc7 14. Bd2 a5 0-1

[Event "Krasnodar Region-ch"]
[Site "Krasnodar"]
[Date "2010.10.19"]
[Round "4"]
[White "Abrosimov, Nikolay"]
[Black "Barsamian, Eduard"]
[Result "0-1"]
[WhiteElo "2006"]
[BlackElo "2211"]
[PlyCount "120"]
[EventDate "2010.10.16"]
[EventType "swiss"]
[EventRounds "9"]
[EventCountry "RUS"]
[SourceTitle "EXT 2022"]
[Source "ChessBase"]
[SourceDate "2021.10.06"]
[SourceVersion "1"]
[SourceVersionDate "2021.10.06"]
[SourceQuality "1"]

1. c4 c6 2. Nf3 d5 3. e3 Nf6 4. Nc3 a6 5. d4 b5 6. b3 Bg4 7. h3 Bxf3 8. Qxf3 e6 9. c5 Nbd7 10. Bb2 e5 11. Qd1 Qc7 12. Be2 Be7 13. 0-0 e4 14. a3 0-0 15. f3 exf3 16. Bxf3 Rfe8 17. Qc2 Nf8 18. Rae1 Ne6 19. Qf2 Rad8 20. g4 Ng5 21. Bg2 Bf8 22. Qf4 Qxf4 23. Rxf4 Rd7 24. Rf5 Nge4 25. Nxe4 Nxe4 26. Bxe4 Rxe4 27. Rf4 Rde7 28. Rxe4 Rxe4 29. Kf2 Be7 30. Kf3 a5 31. Bc3 Bd8 32. Rf1 f6 33. Ke2 Bc7 34. Kf3 Kf7 35. Bd2 Kg6 36. h4 h5 37. Rg1 hxg4+ 38. Rxg4+ Rxg4 39. Kxg4 f5+ 40. Kh3 a4 41. bxa4 bxa4 42. Be1 Kh5 43. Bg3 Ba5 44. Be5 g6 45. Bf6 Bc3 46. Kg3 Bb2 47. Kf4 Bxa3 48. Ke5 Bb4 49. Kd6 a3 50. Kxc6 a2 51. Kb5 a1Q 52. Kxb4 Qa6 53. Bg5 Kg4 54. Kc3 Qc4+ 55. Kd2 Kf3 56. Bf4 Qb4+ 57. Kd3 Qb5+ 58. Kc3 Ke2 59. Kc2 Qc4+ 60. Kb2 Kd3 0-1

[Event "Soukhumi op"]
[Site "Soukhumi"]
[Date "2007.08.04"]
[Round "2"]
[White "Matveeva, Anastasia"]
[Black "Abrosimov, Nikolay"]
[Result "0-1"]
[WhiteElo "2004"]
[BlackElo "2065"]
[PlyCount "50"]
[EventDate "2007.08.03"]
[EventType "swiss"]
[EventRounds "9"]
[EventCountry "RUS"]
[SourceTitle "EXT 2009"]
[Source "ChessBase"]
[SourceDate "2008.11.26"]
[SourceVersion "1"]
[SourceVersionDate "2008.11.26"]
[SourceQuality "1"]

1. e4 Nf6 2. e5 Nd5 3. c4 Nb6 4. d4 d6 5. exd6 exd6 6. Be3 Nc6 7. d5 Ne5 8. b3 Be7 9. Nf3 Nxf3+ 10. gxf3 Bf6 11. Bd4 0-0 12. Nc3 Re8+ 13. Be2 Bf5 14. Qd2 Nd7 15. Rd1 Ne5 16. 0-0 Ng6 17. Kh1 Bg5 18. Be3 Bf6 19. Bd4 Be5 20. Bxe5 Rxe5 21. Rg1 Qh4 22. Qd4 Qh6 23. Ne4 Nf4 24. Bf1 Bxe4 25. fxe4 Rh5 0-1